000 00499nam a22001817a 4500
005 20230821100818.0
008 230817b |||||||| |||| 00| 0 eng d
020 _a9780367548117
041 _aeng
082 _a617 OCO-B
100 _aO'CONNELL, P. RONAN AND McCASKIE ANDREW W. , SAYERS, ROBERT D.
_98068
245 _aBAILEY & LOVE'S SHORT PRACTICE OF SURGERY
250 _a28TH, ED.2023
260 _aBOKA RATON
_bCRC PRESS
_c2023
300 _a849; P
650 _aBPT
_98069
942 _cBK
999 _c8368
_d8366